Experimental Educational Methodology of Project-based Learning at the University of Economics in Bratislava

Experimentálna vzdelávacia metodológia. Projektovo založené vyučovanie. Vyučovacie metódy.

Gespeichert in:
Bibliographische Detailangaben
1. Verfasser: Filo, Peter
Weitere Verfasser: Nekolová, Veronika, 1984-, Orgonáš, Jozef, 1957-
Format: Buchkapitel
Sprache:Englisch
Schlagworte:
Tags: Tag hinzufügen
Keine Tags, Fügen Sie das erste Tag hinzu!

MARC

LEADER 00000naa a2200000 4500
001 0212106
005 20240502083531.0
041 0 |a eng 
044 |a FR 
245 1 0 |a Experimental Educational Methodology of Project-based Learning at the University of Economics in Bratislava  |c Peter Filo, Veronika Nekolová, Jozef Orgonáš 
520 |a Experimentálna vzdelávacia metodológia. Projektovo založené vyučovanie. Vyučovacie metódy. 
610 2 0 |a vzdelávanie vysokoškolské 
610 2 0 |a metodológia 
610 2 0 |a metódy 
610 2 0 |a výučba vedecká 
610 2 0 |a projekty 
610 2 0 |a Ekonomická univerzita v Bratislave 
100 1 |a Filo, Peter 
700 1 |a Nekolová, Veronika, 1984- 
700 1 |a Orgonáš, Jozef, 1957-